000 00485nam a2200169 i 4500
001 92120
003 ES-MaACL
005 20230906180912.0
007 t|
008 050221s1949 cu ||||1| spa d
100 1 _aLezama Lima, José.
_972118
245 1 3 _aLa fijeza /
_cJosé Lezama Lima; viñetas de René Portocarrero.
260 _aLa Habana :
_bOrígenes,
_c1949.
300 _a133 p. ;
_c20 cm.
700 1 _aPortocarrero, René.
_993290
852 _aES-MaACL
_jD-5562
_bR.29041
999 _c92120
_d92120